000 00397pab a2200145 454500
008 180718b1987 xxu||||| |||| 00| 0 eng d
100 _aDawkins, Peter
245 _aSocial system and productivity advance in the service sector
260 _c1987
300 _a136-41
362 _aJune
650 _aGovernment Enterprise
773 _aAustralian Journal of Public Administration
909 _a9131
999 _c9131
_d9131